000 00699nam a22002297a 4500
999 _c10750
_d10750
003 AR-CdUCM
008 190401b ||||| |||| 00| 0 spa d
040 _aMUNICIPALIDAD PROVINCIAL DEL CUSCO
_cBIBLIOTECA MUNICIPAL DEL CUSCO
041 _hfre
082 _aES / 800 /
_bH66
_22ed.
100 _aHoffmann, F.
_927758
245 _aCuentos Fantásticos /
260 _aBarcelona :
_bBruguera S. A. ;
_c1961.
300 _a255 páginas ;
_bIlustraciones
_c20cm
440 _aColección Historias
_927112
505 _aContenido: Novela
650 _aNovela
_9572
650 _aLiteratura juvenil
_91580
700 _aPalau, E. (traducción)
_927759
942 _2ddc
_cLIBROS
945 _anom